Atividade antiparasitária e citotóxica do extrato etanólico de folhas de Croton heliotropiifolius Kunth (Euphorbiaceae) (Registro n. 300645)
[ somente texto ]
| 000 -LÍDER | |
|---|---|
| fixed length control field | 05021nab a2200361 i 4500 |
| 003 - CÓDIGO MARC DA AGÊNCIA CATALOGADORA | |
| Campo de controle | BR-BrBNA |
| 005 - DATA E HORA DA ÚLTIMA ATUALIZAÇÃO | |
| Campo de controle | 20240724173346.0 |
| 008 - CAMPO DE TAMANHO FIXO | |
| fixed length control field | 240724b2016 bl.qr|pooa||| 00| 0 por | |
| 040 ## - FONTE DA CATALOGAÇÃO | |
| Agência catalogadora | BR-BrBNA |
| Idioma da catalogação | por |
| 072 ## - CATEGORIA AGRIS | |
| Código AGRIS | F60 |
| 100 ## - ENTRADA PRINCIPAL - NOME PESSOAL | |
| Nome pessoal | Alencar, G.O. |
| 100 ## - ENTRADA PRINCIPAL - NOME PESSOAL | |
| Nome pessoal | Calixto Júnior, J.T. |
| 100 ## - ENTRADA PRINCIPAL - NOME PESSOAL | |
| Nome pessoal | Boligon, A.A. |
| 100 ## - ENTRADA PRINCIPAL - NOME PESSOAL | |
| Nome pessoal | Athayde, M.L. |
| 100 ## - ENTRADA PRINCIPAL - NOME PESSOAL | |
| Nome pessoal | Bezerra, C.A. |
| 100 ## - ENTRADA PRINCIPAL - NOME PESSOAL | |
| Nome pessoal | Molas, C.C. |
| 100 ## - ENTRADA PRINCIPAL - NOME PESSOAL | |
| Nome pessoal | Rolon, M. |
| 100 ## - ENTRADA PRINCIPAL - NOME PESSOAL | |
| Nome pessoal | Gomez, C.V. |
| 100 ## - ENTRADA PRINCIPAL - NOME PESSOAL | |
| Nome pessoal | Coutinho, H.D.M. |
| 245 ## - TÍTULO PRINCIPAL | |
| Título principal | Atividade antiparasitária e citotóxica do extrato etanólico de folhas de Croton heliotropiifolius Kunth (Euphorbiaceae) |
| 500 ## - NOTA GERAL | |
| Nota geral | Publicação on-line; 37 ref.; 3 tables; 1 illus.; Summaries (En, Pt) |
| 942 ## - ADDED ENTRY ELEMENTS (KOHA) | |
| Koha item type | |
| 520 ## - NOTA DE RESUMO | |
| Nota de conteúdo | <br/><br/>RESUMO: <br/><br/>A Croton heliotropiifolius, conhecida popularmente como velame, é uma das<br/>espécies com potencial medicinal da flora do Nordeste do Brasil. A leishmaniose e a doença<br/>de Chagas são doenças bem difundidas no mundo que atingem, respectivamente, 1,6 milhões<br/>e 10 milhões de pessoas nas Américas. Este estudo teve como objetivo analisar a atividade<br/>antiparasitária contra Leishmania infantum, Leishmania brasiliensis e Trypanosoma cruzi, assim<br/>como a citotoxicidade (células de fibroblastos murinos - NCTC929) do extrato etanólico bruto<br/>das folhas de Croton heliotropiifolius Kunth, espécie medicinal de usos múltiplos, coletada<br/>num fragmento de Cerrado em meio à Caatinga, em Lavras da Mangabeira, Sul do Ceará. A<br/>análise por cromatografia líquida de alta eficiência (CLAE-DAD) também foi realizada, a fim<br/>de relacionar à presença do conteúdo fenólico, dentre eles os ácidos fenólicos tais como o<br/>ácido gálico, ácido clorogênico e ácido cafeico, bem como flavonoides, como a rutina, luteolina,<br/>apigenina e quercetina. Com os resultados da avaliação antiparasitária o teste desta atividade<br/>antipromastigota mostrou-se significativo na inibição do T. cruzi (81,70% na concentração de<br/>1000 μg/mL). Contra L. infantum observou-se inibição de 92,15% (500 μg/mL) e contra a L.<br/>brasiliensis, 100% (250 μg/mL). Com isso, foi considerado eficaz contra as cepas dos parasitas<br/>testadas, apresentando-se como fonte alternativa de produtos naturais contra essas espécies de<br/>protozoários. Entretanto, o extrato apresentou alta atividade citotóxica em fibroblastos murinos<br/>em todas as concentrações, mostrando a necessidade de novos testes que viabilizem futuros<br/>ensaios in vivo, inclusive sobre atividade antineoplásica em células humanas.<br/><br/>Palavras-chave: Atividade Antiparasitária, Croton heliotropiifolius, Leishmania, Trypanosoma |
| 520 ## - NOTA DE RESUMO | |
| Nota de conteúdo | <br/><br/>ABSTRACT: <br/><br/>Antiparasitic and cytotoxic activity of the ethanol extract leaves of Croton<br/>heliotropiifolius Kunth (Euphorbiaceae). Croton heliotropiifolius, popularly known as canopy,<br/>is a species with potential medicinal flora of Northeastern Brazil. Leishmaniasis and Chagas’<br/>disease are well spread diseases in the world reaching, respectively, 1.6 million and 10 million<br/>people in the Americas. This study aimed to analyze the antiparasitic activity against Leishmania<br/>infantum, Leishmania brasiliensis and Trypanosoma cruzi, as well as cytotoxicity (cell murine<br/>fibroblasts - NCTC929) of the ethanol extract of leaves of Croton heliotropiifolius Kunth, a<br/>medicinal species of multiple uses, collected in a Cerrado fragment amidst the Caatinga in<br/>Lavras da Mangabeira, South of Ceará. Analysis by high-performance liquid chromatography<br/>(HPLC-DAD) was also performed in order to relate to the presence of phenolic content,<br/>including phenolic acids such as gallic acid, chlorogenic acid and caffeic acid, and flavonoids<br/>such as rutin, luteolin, apigenin and quercetin. With the evaluation antiparasitic results the test<br/>of the antipromastigote activity showed a significant inhibition of T. cruzi (81.70% at 1000 mg<br/>/ mL). Against L. infantum it was observed an inhibition of 92.15% (500 mg / mL) and against<br/>L. brasiliensis, 100% (250 / mL). Thus, it was considered effective against the parasite strains<br/>here tested, presenting itself as an alternative source of natural products against these protozoa<br/>species. However, the extract showed a high cytotoxic activity in murine fibroblasts at all<br/>concentrations, showing the need for new tests that could enable future in vivo trials, including<br/>an antineoplastic activity in human cells.<br/><br/>Keywords: Antiparasitic activity, Croton heliotropiifolius, Leishmania, Trypanosoma. |
| 650 ## - ASSUNTO - THESAGRO | |
| Cabeçalho tópico ou nome geográfico | PLANTA MEDICINAL |
| 650 ## - ASSUNTO - THESAGRO | |
| Cabeçalho tópico ou nome geográfico | PARASITO |
| 650 ## - ASSUNTO - THESAGRO | |
| Cabeçalho tópico ou nome geográfico | CRÓTON |
| 650 ## - ASSUNTO - THESAGRO | |
| Cabeçalho tópico ou nome geográfico | PROTOZOÁRIO |
| 650 ## - ASSUNTO - THESAGRO | |
| Cabeçalho tópico ou nome geográfico | TRIPANOSSOMO |
| 773 0# - ENTRADA ANALÍTICA | |
| Host Biblionumber | 3543 |
| Registro do item | 316772 |
| Imprenta | Botucatu-SP Instituto de Biociências - Departamento de Química e Bioquímica 1998 |
| Outro identificador | 2024-3310 |
| Título | Revista Brasileira de Plantas Medicinais (Brazil) |
| ISSN | 1516-0572 |
| Colação | v. 18(4) p. 797-803; (2016) |
| Número de controle de registro | BR2024002062 |
| 856 ## - ACESSO E ENDEREÇO ELETRÔNICO | |
| Identificador uniforme de recurso - URI | https://www.sbpmed.org.br/admin/files/papers/file_8Vb2mfh4yVW4.pdf |
Nenhum exemplar disponível.

BINAGRI